[Event "Barcelona Escacs CC tt"]
[Site "Barcelona"]
[Date "2007.05.12"]
[Round "5"]
[White "Pacheco Madueno, Joan"]
[Black "Ayala Abenza, Jose Luis"]
[Result "0-1"]
[WhiteElo "1948"]
[BlackElo "2138"]
[PlyCount "108"]
[EventDate "2007.04.14"]
[EventType "team"]
[EventRounds "7"]
[EventCountry "ESP"]
[SourceTitle "EXT 2009"]
[Source "ChessBase"]
[SourceDate "2008.11.26"]
[SourceVersion "1"]
[SourceVersionDate "2008.11.26"]
[SourceQuality "1"]

1. e4 e6 2. d4 d5 3. Nc3 Bb4 4. e5 c5 5. a3 Bxc3+ 6. bxc3 Ne7 7. Qg4 Qc7 8. Kd1 Nbc6 9. Nf3 Bd7 10. Qxg7 Rg8 11. Qxh7 0-0-0 12. Rb1 cxd4 13. cxd4 Nf5 14. c3 Rh8 15. Qxf7 Ncxd4 16. Qxd7+ Qxd7 17. cxd4 Qa4+ 18. Ke1 Qc2 19. Nd2 Nxd4 20. Be2 Nxe2 21. Kxe2 Qg6 22. g3 Qh5+ 23. Nf3 d4 24. Bg5 Rd5 25. Rhc1+ Kb8 26. Bf4 Qf5 27. Nd2 Rxh2 28. Rb3 Rh7 29. Rcb1 b6 30. Rd3 Rc7 31. Rbb3 Rc2 32. Kf3 Qh5+ 33. Kg2 Rc1 34. Nf1 Re1 35. Rb4 Rd1 36. Rxd1 Qxd1 37. Nd2 Rd8 38. Nf3 d3 39. Be3 d2 40. Nxd2 Rxd2 41. Bxd2 Qxd2 42. Re4 Qd5 43. Kf3 a5 44. g4 Kc7 45. Kf4 Kd7 46. a4 Ke7 47. f3 b5 48. axb5 Qxb5 49. g5 a4 50. g6 a3 51. Kg5 a2 52. g7 Kf7 53. Kh6 Kg8 54. Rf4 Qe8 0-1

[Event "Castelldefels-B"]
[Site "Castelldefels"]
[Date "2001.??.??"]
[Round "6"]
[White "Daude Puvill, Antonio"]
[Black "Pacheco Madueno, Joan"]
[Result "0-1"]
[WhiteElo "2250"]
[BlackElo "2020"]
[PlyCount "98"]
[EventDate "2001.05.??"]
[EventType "tourn"]
[EventRounds "9"]
[EventCountry "ESP"]
[SourceTitle "EXT 2002"]
[Source "ChessBase"]
[SourceDate "2001.11.25"]
[SourceVersion "1"]
[SourceVersionDate "2001.11.25"]
[SourceQuality "1"]

1. d4 Nf6 2. Bg5 e6 3. Nf3 d5 4. e3 c5 5. c3 Qb6 6. Bxf6 Qxb2 7. Bxg7 Bxg7 8. Nbd2 c4 9. Qc1 Qxc1+ 10. Rxc1 Nc6 11. e4 b5 12. Rb1 Rb8 13. exd5 exd5 14. Be2 Bf5 15. Rc1 b4 16. cxb4 Rxb4 17. 0-0 Nxd4 18. Nxd4 Bxd4 19. Bf3 Be6 20. Kh1 Rb2 21. Rfd1 Bxf2 22. Nb1 d4 23. Na3 c3 24. Nb5 0-0 25. Nxd4 Bxd4 26. Rxd4 Rc8 27. Rf4 Bxa2 28. Be4 c2 29. Kg1 Rb1 30. Rff1 Rxc1 31. Rxc1 Bb3 32. Kf2 h6 33. Ke3 Kg7 34. Kd2 h5 35. Bf3 h4 36. Re1 Rd8+ 37. Kc1 Rd1+ 38. Bxd1 cxd1Q+ 39. Rxd1 Bxd1 40. Kxd1 Kf6 41. Kc2 Kg5 42. Kd3 Kf4 43. Kd4 a5 44. Kc5 Ke3 45. Kb5 Kf2 46. g3 hxg3 47. hxg3 Kxg3 48. Kxa5 f5 49. Kb4 f4 0-1